000 00591nam a2200241Ia 4500
003 OSt
005 20221006151755.0
006 a|||||r|||| 00| 0
007 ta
008 221006b |||||||| |||| 00| 0 eng d
020 _c120.00
024 _a23,308
037 _cTextual
040 _aEASL
_cEASL
_beng
041 _2eng
_aeng
100 _aBOWMAN L W
_9659972
245 0 _aIndian ocean in global politics
260 _an
_bYoung Asia
_c1983
300 _a260p.
_ccm.
700 _a CLARK Ian
942 _cTEXL
_2CC
999 _c1091394
_d1091394